The social laws of the Quran, considered, and compared with those of the Hebrew and other ancient gost

Saved in:
Bibliographic Details
Main Author: ROBERTS, Robert, 1868
Format: Book
Language:English
Published: Gurzon 1971
Tags: Add Tag
No Tags, Be the first to tag this record!

MARC

LEADER 00000nam a22000007a 4500
008 201221b ||||| |||| 00| 0 eng d
100 |a ROBERTS, Robert, 1868  
245 |a The social laws of the Quran, considered, and compared with those of the Hebrew and other ancient gost  |c  Robert Roberts 
250 |b 2nd ed. 
260 |b Gurzon  |c 1971  |h London  |i 133222  |l BP134 .S6R54  |m Koran. 
942 |a lcc  |c BK  |e ADEYEYE Y. S.  |f 21/12/20120 
952 |0 0  |1 0  |2 lcc  |4 0  |6 BP0134 S6 R54  |7 0  |9 1033  |a HOL  |b HOL  |c AF  |d 2020-12-21  |l 0  |o BP134 .S6R54  |p 2020-230252  |r 2020-12-21 00:00:00  |w 2020-12-21  |y BK 
999 |c 533  |d 533